Economics <A> Contemporary Introduction
Gespeichert in:
| 1. Verfasser: | |
|---|---|
| Format: | Buch |
| Sprache: | Englisch |
| Veröffentlicht: |
Cincinnati
South-Western Pub. Co.
1988
|
| Ausgabe: | 1. ed. |
| Schlagworte: | |
| Tags: |
Keine Tags, Fügen Sie das erste Tag hinzu!
|
MARC
| LEADER | 00000nam a2200000 4500 | ||
|---|---|---|---|
| 001 | c000427 | ||
| 005 | 20221219121033.7 | ||
| 020 | |a 0-538-08830-3 | ||
| 041 | 0 | |a eng | |
| 044 | |a US | ||
| 245 | 1 | 0 | |a Economics |b <A> Contemporary Introduction |c William A. Maceachern |
| 250 | |a 1. ed. | ||
| 264 | 1 | |a Cincinnati |b South-Western Pub. Co. |c 1988 | |
| 300 | |a 898 s. |e príl. | ||
| 610 | 2 | 0 | |a ekonómia |
| 610 | 2 | 0 | |a teórie ekonomické |
| 610 | 2 | 0 | |a analýza ekonomická |
| 610 | 2 | 0 | |a makroekonomika |
| 610 | 2 | 0 | |a politika fiškálna |
| 610 | 2 | 0 | |a politika finančná |
| 610 | 2 | 0 | |a mechanizmus trhový |
| 610 | 2 | 0 | |a trh |
| 610 | 2 | 0 | |a tvorba cien |
| 610 | 2 | 0 | |a regulácia hospodárska |
| 610 | 2 | 0 | |a podnik |
| 610 | 2 | 0 | |a trh práce |
| 610 | 2 | 0 | |a hospodárstvo svetové |
| 100 | 1 | |a Maceachern, William A. | |